|
|
|
|
| LEADER |
00955pam a22002658a 4500 |
| 001 |
00025086 |
| 005 |
20171026081022.0 |
| 008 |
110730s1975 ||||||Viesd |
| 041 |
0 |
# |
|a Vie
|
| 082 |
1 |
4 |
|a 891.73
|b X100M
|
| 100 |
0 |
# |
|a A-Gia-I-Ép, Va-Xi-Li
|
| 245 |
0 |
0 |
|a Xa Mạc Tư Khoa
|b Giải thưởng văn học Xta-Lin hạng nhất năm 1984
|c Va-Xi-Li A-Gia-I-Ép; Hoàng Nguyên Kỳ, Hữu Đông...[những người khác] dịch
|n T.2
|
| 250 |
# |
# |
|a Xuất bản lần thứ 4
|
| 260 |
# |
# |
|a H.
|b Thanh niên
|c 1975
|
| 300 |
# |
# |
|a 597 tr.
|c 19 cm.
|
| 653 |
# |
# |
|a Liên Xô
|
| 653 |
# |
# |
|a Văn học hiện đại
|
| 653 |
# |
# |
|a Tiểu thuyết
|
| 700 |
0 |
# |
|a Hoàng Nguyên Kỳ
|e Dịch
|
| 700 |
0 |
# |
|a Hữu Đông
|e Dịch
|
| 852 |
# |
# |
|b Kho đọc
|j KD.0009239
|
| 852 |
# |
# |
|j KD.0009239
|
| 910 |
0 |
# |
|d 30/07/2011
|
| 980 |
# |
# |
|a Trung tâm Học liệu Lê Vũ Hùng, Trường Đại học Đồng Tháp
|